000 00557nam a2200193Ia 4500
008 151121s9999||||xx |||||||||||||| ||und||
082 _a833/गुरुद
082 _bHNW-43471
100 _aगुरुदत्त
245 _aप्रवंचना
260 _b"सरस्वती विहार , दिल्ली"
260 _c--
300 _a278
600 _aगुरुदत्त
630 _aप्रवंचना
700 _aगुरुदत्त
730 _aप्रवंचना
942 _cBOOK
999 _c1231552
_d1231549